000 00529nam a2200193 i 4500
001 46905
003 ES-MaACL
005 20251015063057.0
007 t|
008 030402s1894 it ||||1| ita d
100 0 _aConsoli, Santi,
_d1853-1927
_940233
245 1 0 _aLetteratura norvegiana /
_cdi Santi Consoli.
260 _aMilano :
_bU. Hoepli,
_c1894.
300 _aXV, 270 p. ;
_c15 cm.
490 1 _aManuali Hoepli
830 0 _aManuali Hoepli
_9180782
852 _aES-MaACL
_jD-4250
999 _c46905
_d46905